[Event "HUN-ch 53rd"]
[Site "Heviz"]
[Date "2003.05.13"]
[Round "2"]
[White "Acs, Peter"]
[Black "Varga, Zoltan"]
[Result "1/2-1/2"]
[WhiteElo "2600"]
[BlackElo "2533"]
[PlyCount "35"]
[EventDate "2003.05.12"]
[Source "ChessBase"]
[SourceDate "2003.09.25"]

1. e4 c5 2. Nf3 Nc6 3. d4 cxd4 4. Nxd4 d5 5. Bb5 dxe4 6. O-O Bd7 7. Nc3 Nxd4 8. Qxd4 Bxb5 9. Qxd8+ Rxd8 10. Nxb5 a6 11. Nc7+ Kd7 12. Bf4 Kc6 13. Rfd1 Rxd1+ 14. Rxd1 Nf6 15. Rd8 g6 16. Be5 Bg7 17. Rd4 Rc8 18. Rc4+ 1/2-1/2

[Event "Calcutta Open"]
[Site "Calcutta IND"]
[Date "1993.??.??"]
[Round "5"]
[White "Tiviakov, Sergei"]
[Black "Ermenkov, Evgenij P"]
[Result "1-0"]
[WhiteElo "2575"]
[BlackElo "2505"]
[PlyCount "119"]
[EventDate "1993.02.??"]
[Source "www.chesslib.no"]
[SourceDate "2004.05.04"]

1. e4 c5 2. Nf3 Nc6 3. d4 cxd4 4. Nxd4 d5 5. Bb5 dxe4 6. Nxc6 Qxd1+ 7. Kxd1 a6 8. Ba4 Bd7 9. Nc3 Bxc6 10. Bxc6+ bxc6 11. Nxe4 Nf6 12. Nxf6+ gxf6 13. Be3 O-O-O+ 14. Ke2 e6 15. Rad1 Be7 16. Rxd8+ Rxd8 17. g4 Rd7 18. f4 Kd8 19. Rf1 Ke8 20. Rf3 Kf8 21. Bd2 Rb7 22. Bc3 Rb5 23. Rd3 Rd5 24. Bd4 Kg7 25. c4 Rd8 26. h4 Kf8 27. h5 Ke8 28. Bc3 Rxd3 29. Kxd3 c5 30. a3 Kd7 31. b4 cxb4 32. axb4 Kc6 33. Bd2 Bd6 34. Kc3 Bc7 35. Be3 Bd8 36. Kb3 Bc7 37. Kc3 Bd6 38. f5 Be7 39. Bh6 Kd6 40. Bf4+ Kc6 41. Be3 Kb7 42. Bd4 Kc6 43. Kb3 Bd8 44. Ka4 Be7 45. Ka5 Kb7 46. b5 axb5 47. Kxb5 Kc7 48. Bc3 Kb7 49. Bd4 Kc7 50. Bb6+ Kb7 51. c5 e5 52. Ba5 Bf8 53. Bd8 Bg7 54. Be7 Kc7 55. c6 e4 56. Bd6+ Kc8 57. Bf4 Bf8 58. Kc4 Ba3 59. Kd4 e3 60. Bxe3 1-0

[Event "III Memorial Pereyra Puebla"]
[Site "Mendoza"]
[Date "2004.12.15"]
[Round "7.1"]
[White "Ricardi, Pablo"]
[Black "Garcia Palermo, Carlos"]
[Result "1/2-1/2"]
[WhiteElo "2548"]
[BlackElo "2459"]
[PlyCount "137"]
[EventDate "2004.12.11"]
[Source "Roberto Alvarez"]
[SourceDate "2004.12.13"]

1. e4 c5 2. Nf3 Nc6 3. d4 cxd4 4. Nxd4 d5 5. exd5 Qxd5 6. Be3 e6 7. Nc3 Bb4 8. Ndb5 Qe5 9. a3 Be7 10. Qg4 a6 11. Qa4 Nf6 12. Nd4 Bd7 13. O-O-O Na5 14. Nf3 Qxe3+ 15. fxe3 Bxa4 16. Nxa4 b5 17. Nc3 b4 18. axb4 Bxb4 19. Na4 Be7 20. Ne5 O-O 21. Be2 Nd5 22. Bf3 Rad8 23. Bxd5 exd5 24. Rd3 f5 25. Rhd1 f4 26. Kb1 fxe3 27. Rxe3 Rf4 28. b3 Bf6 29. g3 Rf5 30. Ng4 Bg5 31. Re5 Rxe5 32. Nxe5 d4 33. Rd3 Bf6 34. Ng4 Be7 35. Ne5 Rd5 36. Nf3 Nc6 37. c3 Bf6 38. cxd4 Nxd4 39. Nc3 Rd8 40. Ne4 Nc6 41. Nxf6+ gxf6 42. Rxd8+ Nxd8 43. Kc2 Kf7 44. Kd3 Ke6 45. Ke4 f5+ 46. Kf4 h6 47. Nd4+ Kf6 48. b4 Ne6+ 49. Ke3 Nc7 50. Nc6 Ke6 51. Nd4+ Ke5 52. Nf3+ Kd5 53. Kd3 Ne6 54. Nh4 Nd4 55. h3 h5 56. Ng6 Nc6 57. Nf4+ Ke5 58. Kc4 h4 59. Ng6+ Ke4 60. Nxh4 Nd4 61. Kc3 f4 62. gxf4 Kxf4 63. Ng2+ Kg3 64. h4 Kxg2 65. h5 Nf5 66. Kc4 Kf3 67. Kc5 Kg4 68. Kb6 Kxh5 69. Kxa6 1/2-1/2

[Event "Meurthe et Moselle GM"]
[Site "Nancy FRA"]
[Date "2007.02.20"]
[Round "2"]
[White "Guliyev, N."]
[Black "Wirig, A."]
[Result "1-0"]
[WhiteElo "2545"]
[BlackElo "2433"]
[PlyCount "101"]
[EventDate "2007.02.19"]
[Source "www.chesslib.no"]
[SourceDate "2004.05.04"]

1. e4 c5 2. Nf3 Nc6 3. d4 cxd4 4. Nxd4 d5 5. Bb5 dxe4 6. Nc3 Bd7 7. Bxc6 bxc6 8. Nxe4 Qa5+ 9. c3 Qe5 10. Qe2 Nf6 11. Nxf6+ gxf6 12. Be3 Qd5 13. Qa6 e5 14. Qb7 Rd8 15. Nf3 Rg8 16. Nd2 Qb5 17. Qxa7 Qxb2 18. Rb1 Qc2 19. g3 Qd3 20. Rb8 Be7 21. f3 Bd6 22. Rxd8+ Kxd8 23. Kf2 Ke7 24. Rb1 Rd8 25. c4 Ke6 26. Rb3 Qc2 27. Ke2 Be8 28. Qa5 Be7 29. Bb6 Rd7 30. Be3 Rd8 31. Rb7 Qd3+ 32. Kf2 h5 33. a4 Bd7 34. Qa7 f5 35. f4 f6 36. a5 h4 37. gxh4 Rh8 38. h3 Rxh4 39. Rb3 Qc2 40. Qb8 Kf7 41. Qc7 exf4 42. Qxd7 fxe3+ 43. Rxe3 Re4 44. a6 Qa2 45. a7 Kf8 46. Rxe4 fxe4 47. Kg3 Qa3+ 48. Kg4 Kf7 49. Nxe4 Qa1 50. Nd6+ Kg6 51. Qe8+ 1-0

[Event "Cap Memorial"]
[Site "Havana CUB"]
[Date "1988.05.??"]
[Round "2"]
[White "Zapata, Alonso"]
[Black "Popchev, Milko"]
[Result "1/2-1/2"]
[WhiteElo "2500"]
[BlackElo "2470"]
[PlyCount "117"]
[EventDate "1988.??.??"]
[Source "www.chesslib.no"]
[SourceDate "2004.05.04"]

1. e4 c5 2. Nf3 Nc6 3. d4 cxd4 4. Nxd4 d5 5. Bb5 dxe4 6. Nxc6 Qxd1+ 7. Kxd1 a6 8. Ba4 Bd7 9. Nc3 Bxc6 10. Bxc6+ bxc6 11. Nxe4 Nf6 12. Re1 O-O-O+ 13. Bd2 Nxe4 14. Rxe4 e6 15. Ke2 Be7 16. Ra4 Kb7 17. Ba5 Rd7 18. c4 Bc5 19. Rc1 Rb8 20. Rc2 f6 21. f3 e5 22. h3 g5 23. Bb4 Bd4 24. Rd2 Kc7 25. Ba3 Ra8 26. Rd3 f5 27. Ra5 h5 28. b3 g4 29. hxg4 hxg4 30. f4 exf4 31. Rxf5 Re8+ 32. Kf1 Re3 33. Rxe3 Bxe3 34. Bb4 Rh7 35. Bc5 Rh1+ 36. Ke2 Bxc5 37. Rxc5 Rg1 38. Kf2 Ra1 39. Ra5 Kb6 40. b4 c5 41. Rxc5 Rxa2+ 42. Kf1 Rc2 43. Rc8 g3 44. c5+ Kb5 45. Rb8+ Kc4 46. Rb6 Kc3 47. Rb8 Kd4 48. Rf8 Rf2+ 49. Kg1 Ke5 50. Re8+ Kd5 51. Rf8 Rb2 52. Rxf4 Rb1+ 53. Rf1 Rxb4 54. Rc1 Kc6 55. Kf1 Rb3 56. Ke2 a5 57. Ra1 Kb5 58. Rc1 Kc6 59. Ra1 1/2-1/2

[Event "Sonnevanck"]
[Site "Wijk aan Zee"]
[Date "1996.??.??"]
[Round "5"]
[White "Rogers, Ian"]
[Black "Armas, Jorge"]
[Result "1-0"]
[WhiteElo "2575"]
[BlackElo "2395"]
[PlyCount "83"]
[EventDate "1996.11.??"]
[Source "ChessBase"]

1. e4 c5 2. Nf3 Nc6 3. d4 cxd4 4. Nxd4 d5 5. exd5 Qxd5 6. Be3 e5 7. Nb5 Qxd1+ 8. Kxd1 Kd8 9. Bc4 Bg4+ 10. Kc1 Bh5 11. f3 Nf6 12. g4 Bg6 13. h4 h5 14. g5 Nd7 15. Rd1 a6 16. Nd6 Bxd6 17. Rxd6 Kc7 18. Rd1 Nb6 19. Nd2 Rad8 20. c3 Nxc4 21. Nxc4 Rxd1+ 22. Kxd1 Rd8+ 23. Ke1 Rd3 24. Ke2 Kd7 25. Nd2 Ke6 26. Nb3 Rd5 27. Nc5+ Ke7 28. b4 b6 29. Ne4 Bxe4 30. fxe4 Rd6 31. Bxb6 Nd4+ 32. Bxd4 exd4 33. c4 f6 34. g6 f5 35. exf5 Kf6 36. c5 Rd8 37. Kd3 Kxf5 38. Rg1 Rb8 39. a3 a5 40. c6 axb4 41. axb4 Ke6 42. c7 1-0

[Event "TCh-FRA Nat1 GpA"]
[Site "Nancy"]
[Date "2004.01.31"]
[Round "2"]
[White "Sokolov, Andrei"]
[Black "Szabolcsi, Janos"]
[Result "1/2-1/2"]
[WhiteElo "2585"]
[BlackElo "2377"]
[PlyCount "99"]
[EventDate "2004.01.30"]
[Source "Roberto Alvarez"]
[SourceDate "2004.02.16"]

1. e4 c5 2. Nf3 Nc6 3. d4 cxd4 4. Nxd4 d5 5. Bb5 dxe4 6. Nxc6 Qxd1+ 7. Kxd1 a6 8. Ba4 Bd7 9. Nc3 Bxc6 10. Bxc6+ bxc6 11. Nxe4 e5 12. Ke2 f5 13. Nd2 Bd6 14. Nc4 Bc7 15. b3 Nf6 16. Bb2 O-O-O 17. Rhe1 e4 18. Bxf6 gxf6 19. Rad1 f4 20. Rxd8+ Rxd8 21. f3 e3 22. Rd1 Rg8 23. Kf1 e2+ 24. Kxe2 Rxg2+ 25. Kd3 Rf2 26. Rg1 Rxf3+ 27. Kd4 Rf2 28. Rg8+ Kb7 29. Rg7 Rxc2 30. Nd6+ Kb8 31. Rg8+ Bd8 32. Kd3 Rxa2 33. Nf7 f3 34. Ke3 Rxh2 35. Nxd8 Rb2 36. Ne6+ Ka7 37. Kxf3 Rxb3+ 38. Ke4 Rb5 39. Kd4 a5 40. Nc5 Rb4+ 41. Kc3 h5 42. Rg7+ Kb6 43. Nd7+ Kb5 44. Nxf6 h4 45. Rh7 Rf4 46. Rh5+ c5 47. Nd7 Rf3+ 48. Kc2 h3 49. Nxc5 a4 50. Nxa4+ 1/2-1/2

[Event "Novak Nikolic mem 2nd"]
[Site "Belgrade"]
[Date "2000.02.08"]
[Round "6"]
[White "Vuckovic, Bojan"]
[Black "Popchev, Milko"]
[Result "1-0"]
[WhiteElo "2427"]
[BlackElo "2510"]
[PlyCount "115"]
[EventDate "2000.02.02"]
[Source "ChessBase"]
[SourceDate "2000.05.31"]

1. e4 c5 2. Nf3 Nc6 3. d4 cxd4 4. Nxd4 d5 5. exd5 Qxd5 6. Be3 e6 7. Nc3 Bb4 8. Ndb5 Qe5 9. a3 Bxc3+ 10. Nxc3 Nge7 11. Bd3 Nd5 12. Nxd5 exd5 13. Qe2 O-O 14. O-O-O Bf5 15. Bxf5 Qxf5 16. Qd3 Qg4 17. Qxd5 Rfd8 18. Qf3 Qxf3 19. gxf3 b5 20. Rxd8+ Rxd8 21. Rd1 Rxd1+ 22. Kxd1 f5 23. Kd2 Kf7 24. c4 a6 25. cxb5 axb5 26. f4 Ke6 27. Kc3 Kd5 28. b3 h5 29. a4 b4+ 30. Kd3 Na5 31. Kc2 Ke4 32. Bb6 Nc6 33. a5 Nb8 34. Kd2 g6 35. Ke2 Na6 36. Be3 Nc7 37. f3+ Kd5 38. Kd3 Na6 39. Bb6 Nb8 40. Ke3 Nd7 41. Ba7 Nf8 42. Kd3 Ne6 43. Be3 Nc7 44. Bb6 Na6 45. Ke3 Nb8 46. Kf2 Nd7 47. Be3 Nb8 48. Kg3 Na6 49. Kh4 Ke6 50. Kg5 Kf7 51. Kh6 Kf6 52. Bb6 Kf7 53. h4 Kf6 54. Bd4+ Kf7 55. Kh7 Nb8 56. Be3 Na6 57. Bd2 Kf6 58. Kg8 1-0

[Event "XV op"]
[Site "Ljubjana"]
[Date "2004.07.11"]
[Round "3"]
[White "Kovacevic, Aleksandar"]
[Black "Barle, Janez"]
[Result "1-0"]
[WhiteElo "2551"]
[BlackElo "2385"]
[PlyCount "77"]
[EventDate "2004.07.10"]
[Source "Roberto Alvarez"]
[SourceDate "2003.08.04"]

1. e4 c5 2. Nf3 Nc6 3. d4 cxd4 4. Nxd4 d5 5. Bb5 dxe4 6. Nxc6 Qxd1+ 7. Kxd1 a6 8. Ba4 Bd7 9. Nc3 Bxc6 10. Bxc6+ bxc6 11. Nxe4 Nf6 12. Nxf6+ gxf6 13. Ke2 Rg8 14. g3 e5 15. Rd1 Ke7 16. Rd3 f5 17. Rb3 Bg7 18. Bg5+ Ke6 19. Rd1 Rab8 20. Rbd3 f4 21. b3 fxg3 22. hxg3 Bf8 23. Be3 f6 24. Rd7 Be7 25. Ra7 Ra8 26. Rdd7 Rxa7 27. Rxa7 h5 28. Rxa6 Kd7 29. Ra7+ Ke6 30. Ra4 f5 31. Rc4 Kd5 32. a4 h4 33. gxh4 f4 34. Bb6 e4 35. Bc7 Rg4 36. Rxe4 f3+ 37. Kd3 Rxe4 38. c4+ Rxc4 39. bxc4+ 1-0

[Event "It \"]
[Site "Basel (Switzerland)"]
[Date "2007.01.02"]
[Round "2"]
[White "Sokolov Andrei (FRA)"]
[Black "Zozulia Anna (UKR)"]
[Result "1/2-1/2"]
[WhiteElo "2585"]
[BlackElo "2350"]
[PlyCount "57"]
[EventDate "2007.??.??"]
[Source "www.chesslib.no"]
[SourceDate "2004.05.04"]

1. e4 c5 2. Nf3 Nc6 3. d4 cxd4 4. Nxd4 d5 5. Nxc6 bxc6 6. exd5 Qxd5 7. Qe2 Nf6 8. Nc3 Qa5 9. Bd2 Bd7 10. g3 Bg4 11. Qe3 e6 12. Bg2 Qa6 13. h3 Bf5 14. Qe2 Qxe2+ 15. Kxe2 Rc8 16. Rac1 Be7 17. Be3 Nd5 18. Bxa7 Nxc3+ 19. bxc3 O-O 20. Rb1 Bxc2 21. Rb7 Ba3 22. Rd7 c5 23. Rd2 Bg6 24. Ke3 Rfd8 25. Rxd8+ Rxd8 26. Be4 Bxe4 27. Kxe4 f5+ 28. Ke3 Ra8 29. Bb6 1/2-1/2

[Event "Sonnevanck"]
[Site "Wijk aan Zee"]
[Date "1995.??.??"]
[Round "9"]
[White "Nijboer, Friso"]
[Black "Armas, Julius"]
[Result "1-0"]
[WhiteElo "2510"]
[BlackElo "2415"]
[PlyCount "97"]
[EventDate "1995.02.??"]
[Source "ChessBase"]

1. e4 c5 2. Nf3 Nc6 3. d4 cxd4 4. Nxd4 d5 5. Nxc6 bxc6 6. exd5 Qxd5 7. Nc3 Qxd1+ 8. Nxd1 e5 9. Be2 Be6 10. O-O Nf6 11. Ba6 Rb8 12. Re1 Bd6 13. b3 Nd5 14. Bb2 Nb4 15. Bd3 Ke7 16. Bxe5 Bxe5 17. Rxe5 Nxd3 18. cxd3 Rhd8 19. Re3 Rb5 20. Rc1 Rbd5 21. Nb2 c5 22. Kf1 Rh5 23. h3 Kd6 24. Ke2 Rd7 25. f4 Rf5 26. Rf1 g5 27. Nc4+ Bxc4 28. dxc4 gxf4 29. Re4 Rc7 30. Rexf4 Rxf4 31. Rxf4 Ke5 32. Ke3 f5 33. g4 fxg4 34. hxg4 a5 35. Rf5+ Ke6 36. Ke4 a4 37. bxa4 Ra7 38. Rxc5 Rxa4 39. Rc7 h5 40. gxh5 Kd6 41. Rc8 Kd7 42. Rc5 Kd6 43. Kd4 Rxa2 44. Rd5+ Kc6 45. Rg5 Rd2+ 46. Ke5 Kc5 47. h6 Rh2 48. Kf6+ Kxc4 49. Kg7 1-0

[Event "15. ch-SLO"]
[Site "?"]
[Date "2005.08.14"]
[Round "4"]
[White "Borisek Jure"]
[Black "Barle Janez"]
[Result "1-0"]
[WhiteElo "2509"]
[BlackElo "2408"]
[PlyCount "103"]
[EventDate "2005.??.??"]
[Source "www.chesslib.no"]
[SourceDate "2004.05.04"]

1. e4 c5 2. Nf3 Nc6 3. d4 cxd4 4. Nxd4 d5 5. Bb5 dxe4 6. Nxc6 Qxd1+ 7. Kxd1 a6 8. Ba4 Bd7 9. Nc3 bxc6 10. Nxe4 e5 11. Be3 f5 12. Nc5 f4 13. Nxd7 Kxd7 14. Bd2 Bd6 15. Ke2 Nf6 16. Rad1 a5 17. g3 Rhe8 18. c3 g5 19. Bc2 Kc7 20. f3 Bc5 21. Rde1 Rad8 22. Bc1 h5 23. Rd1 h4 24. Rxd8 Rxd8 25. g4 Rb8 26. b3 Nd5 27. Bb2 Ne3 28. Be4 a4 29. b4 a3 30. Bc1 Bb6 31. h3 Nc4 32. Kd3 Nd6 33. Re1 Rd8 34. Kc2 Nc4 35. Kb3 Nd2+ 36. Bxd2 Rxd2 37. Rh1 c5 38. Kxa3 c4 39. Ka4 Rxa2+ 40. Kb5 Be3 41. Kxc4 Rd2 42. Kb5 Rb2 43. c4 Bd2 44. Rb1 Ra2 45. c5 Be3 46. Kc4 Rd2 47. b5 Rd4+ 48. Kc3 Bd2+ 49. Kc2 Ba5 50. b6+ Kb8 51. Rb3 Bb4 52. c6 1-0

[Event "Olimpiadi 2008 - open"]
[Site "Dresda GER"]
[Date "2008.11.16"]
[Round "4"]
[White "Kovacevic, A."]
[Black "Pazos Gambarrotti, P."]
[Result "1-0"]
[WhiteElo "2581"]
[BlackElo "2327"]
[PlyCount "79"]
[EventDate "2008.11.13"]
[Source "www.chesslib.no"]
[SourceDate "2004.05.04"]

1. e4 c5 2. Nf3 Nc6 3. d4 cxd4 4. Nxd4 d5 5. Bb5 dxe4 6. Nxc6 Qxd1+ 7. Kxd1 a6 8. Ba4 Bd7 9. Nc3 Bxc6 10. Bxc6+ bxc6 11. Nxe4 Nf6 12. Nxf6+ gxf6 13. Ke2 Rb8 14. Rd1 f5 15. Bf4 Rb4 16. Bc7 f6 17. Rd8+ Kf7 18. b3 Rb7 19. Ba5 Rb5 20. Be1 Rg8 21. Kf1 Rd5 22. Rd1 Rxd1 23. Rxd1 Ke8 24. Ba5 Bh6 25. Rd8+ Kf7 26. Rd7 f4 27. Bb4 Bf8 28. Rc7 f3 29. gxf3 Rg5 30. Rxc6 a5 31. Bd2 Rd5 32. Bf4 a4 33. Ke2 a3 34. c4 Rh5 35. c5 e5 36. Bg3 e4 37. b4 exf3+ 38. Kxf3 Rd5 39. Ra6 Rd4 40. c6 1-0

[Event "HUN-chT 0203"]
[Site "?"]
[Date "2003.02.16"]
[Round "7"]
[White "Groszpeter Attila"]
[Black "Szabolcsi Janos"]
[Result "1-0"]
[WhiteElo "2491"]
[BlackElo "2409"]
[PlyCount "47"]
[EventDate "2003.??.??"]
[Source "www.chesslib.no"]
[SourceDate "2004.05.04"]

1. e4 c5 2. Nf3 Nc6 3. d4 cxd4 4. Nxd4 d5 5. Bb5 dxe4 6. Nxc6 Qxd1+ 7. Kxd1 a6 8. Ba4 Bd7 9. Nc3 Bxc6 10. Bxc6+ bxc6 11. Nxe4 e5 12. Ke2 f5 13. Ng5 Ke7 14. Re1 Kf6 15. Nf3 Bd6 16. Bg5+ Kg6 17. Rad1 Bb8 18. Rd8 e4 19. Bf4 exf3+ 20. Kxf3 Bxf4 21. Rxa8 Bxh2 22. Ree8 Kf7 23. Rf8+ Ke6 24. g3 1-0

[Event "otb"]
[Site "otb"]
[Date "2007.03.11"]
[Round "8"]
[White "Vega Gutierrez Sabrina Neide"]
[Black "Spasov V"]
[Result "1/2-1/2"]
[WhiteElo "2297"]
[BlackElo "2588"]
[PlyCount "91"]
[Source "www.chesslib.no"]
[SourceDate "2004.05.04"]

1. e4 c5 2. Nf3 Nc6 3. d4 cxd4 4. Nxd4 d5 5. Bb5 dxe4 6. Nxc6 Qxd1+ 7. Kxd1 a6 8. Ba4 Bd7 9. Nc3 Bxc6 10. Bxc6+ bxc6 11. Nxe4 e5 12. Be3 Rb8 13. Kc1 f5 14. Nc5 Bxc5 15. Bxc5 Kf7 16. c4 Nf6 17. f3 e4 18. Kc2 Rhe8 19. Rhe1 g5 20. Bd4 Rbd8 21. Kc3 h5 22. b4 exf3 23. gxf3 g4 24. Rxe8 Rxe8 25. Rf1 Kg6 26. a4 Re2 27. b5 cxb5 28. axb5 axb5 29. cxb5 Rxh2 30. b6 Nd5+ 31. Kc4 Nxb6+ 32. Bxb6 g3 33. Kd3 h4 34. Bc7 Ra2 35. Ke3 Ra3+ 36. Ke2 Rc3 37. Bf4 Rc2+ 38. Kd3 Ra2 39. Rg1 Kf6 40. Ke3 Ra3+ 41. Ke2 Ra4 42. Ke3 Ra3+ 43. Ke2 Ra8 44. Rh1 Ra2+ 45. Ke3 Ra3+ 46. Ke2 1/2-1/2

[Event "Warsaw"]
[Site "Warsaw"]
[Date "1983.??.??"]
[Round "7"]
[White "Szymczak, Zbigniew"]
[Black "Sygulski, Artur"]
[Result "1/2-1/2"]
[WhiteElo "2460"]
[BlackElo "2425"]
[PlyCount "82"]
[EventDate "1983.05.??"]
[Source "ChessBase"]

1. e4 c5 2. Nf3 Nc6 3. d4 cxd4 4. Nxd4 d5 5. Bb5 dxe4 6. Nxc6 Qxd1+ 7. Kxd1 a6 8. Ba4 Bd7 9. Nc3 Bxc6 10. Bxc6+ bxc6 11. Nxe4 e6 12. Be3 Nf6 13. Nxf6+ gxf6 14. Ke2 Rg8 15. g3 O-O-O 16. Rhd1 Be7 17. Rxd8+ Rxd8 18. Rd1 Rxd1 19. Kxd1 h5 20. Ke2 Kd7 21. Kd3 c5 22. Kc4 Kc6 23. c3 f5 24. b4 cxb4 25. cxb4 Bf6 26. a4 Be7 27. b5+ axb5+ 28. axb5+ Kb7 29. Bc5 Bg5 30. Kd4 f4 31. Ke5 fxg3 32. fxg3 h4 33. gxh4 Bxh4 34. Be3 Kc7 35. Kf4 f5 36. Ke5 Kd7 37. Bf4 Bd8 38. Kd4 Bb6+ 39. Kc4 Bf2 40. h3 Bh4 41. Be5 Kc8 1/2-1/2

[Event "Budapest HUN"]
[Site "?"]
[Date "1998.08.10"]
[Round "10"]
[White "Borge Nikolai"]
[Black "Szabolcsi Janos"]
[Result "0-1"]
[WhiteElo "2455"]
[BlackElo "2425"]
[PlyCount "80"]
[EventDate "1998.??.??"]
[Source "www.chesslib.no"]
[SourceDate "2004.05.04"]

1. e4 c5 2. Nf3 Nc6 3. d4 cxd4 4. Nxd4 d5 5. Bb5 dxe4 6. Nxc6 Qxd1+ 7. Kxd1 a6 8. Ba4 Bd7 9. Nc3 Bxc6 10. Bxc6+ bxc6 11. Nxe4 e5 12. b3 f5 13. Ng3 g6 14. Bb2 O-O-O+ 15. Ke2 Bd6 16. Rhe1 Nf6 17. Kf1 Rhe8 18. Rad1 Nd5 19. c4 Nf4 20. Ne2 Bb4 21. Bc3 Bxc3 22. Nxc3 e4 23. Rxd8+ Rxd8 24. Rd1 Rxd1+ 25. Nxd1 Kc7 26. Nb2 Kd6 27. g3 Ne6 28. Ke2 Kc5 29. Kd2 Kb4 30. Nd1 Nd4 31. Ke3 Nf3 32. h3 Ng5 33. g4 Nxh3 34. gxf5 gxf5 35. Kd4 Ka3 36. Ke5 Kxa2 37. b4 Kb3 38. b5 axb5 39. cxb5 cxb5 40. Kxf5 Nxf2 0-1

[Event "XXI Open"]
[Site "Pola CRO"]
[Date "2007.06.26"]
[Round "5.10"]
[White "Papp, Gabor"]
[Black "Barle, Janez"]
[Result "1/2-1/2"]
[WhiteElo "2475"]
[BlackElo "2400"]
[PlyCount "88"]
[EventDate "2007.06.23"]
[Source "www.chesslib.no"]
[SourceDate "2004.05.04"]

1. e4 c5 2. Nf3 Nc6 3. d4 cxd4 4. Nxd4 d5 5. exd5 Qxd5 6. Be3 e6 7. Nb5 Qxd1+ 8. Kxd1 Kd8 9. Bc4 Bd7 10. N1c3 Nh6 11. Bf4 Ng4 12. Ne4 f5 13. Ng5 Ke7 14. Re1 Nxf2+ 15. Kc1 Na5 16. Bxe6 Bxe6 17. Nxe6 Kd7 18. Nbc7 Rc8 19. Re5 b6 20. Rd5+ Kc6 21. Nd8+ Rxd8 22. Rxd8 Nb7 23. Rb8 Bd6 24. Rxh8 Bxf4+ 25. Kb1 Bxc7 26. Rxh7 Be5 27. a4 Nd6 28. Ka2 Nc4 29. Rf1 Ne4 30. Rxf5 Bxb2 31. Rf4 Kd5 32. Rxe4 Kxe4 33. Rh4+ Kd5 34. Rxc4 Kxc4 35. Kxb2 Kd4 36. Kb3 Ke3 37. Kb4 Kf2 38. g4 g5 39. c4 Kf3 40. a5 Kxg4 41. axb6 axb6 42. Kb5 Kh3 43. Kxb6 Kxh2 44. c5 g4 1/2-1/2

[Event "FRA Team Ch"]
[Site "France"]
[Date "1992.??.??"]
[Round "?"]
[White "Renet, Olivier"]
[Black "Szabolcsi, Janos"]
[Result "1-0"]
[WhiteElo "2495"]
[BlackElo "2375"]
[PlyCount "83"]
[EventDate "1992.??.??"]
[Source "www.chesslib.no"]
[SourceDate "2004.05.04"]

1. e4 c5 2. Nf3 Nc6 3. d4 cxd4 4. Nxd4 d5 5. Bb5 dxe4 6. Nxc6 Qxd1+ 7. Kxd1 a6 8. Ba4 Bd7 9. Nc3 Bxc6 10. Bxc6+ bxc6 11. Nxe4 e5 12. Ke2 f5 13. Nd2 Bd6 14. Nc4 Bc7 15. Be3 Nf6 16. Bb6 O-O-O 17. Rhd1 Bxb6 18. Nxb6+ Kc7 19. Nc4 e4 20. g3 Nd5 21. Ne3 g6 22. Nxd5+ Rxd5 23. Rxd5 cxd5 24. Rd1 Kc6 25. Rd4 Rb8 26. b3 Rb5 27. f3 Ra5 28. a4 Rc5 29. fxe4 fxe4 30. c4 dxc4 31. b4 Rh5 32. Rxc4+ Kd6 33. h4 Re5 34. Ke3 Rf5 35. Rd4+ Kc6 36. Rxe4 Kd5 37. Rd4+ Ke6 38. Rd8 a5 39. b5 Rc5 40. Kd4 Rc1 41. Ra8 Rg1 42. b6 1-0

[Event "Budapest Nuovo"]
[Site "Budapest HUN"]
[Date "1992.??.??"]
[Round "7"]
[White "Horvath, Csaba"]
[Black "Szabolcsi, Janos"]
[Result "1/2-1/2"]
[WhiteElo "2485"]
[BlackElo "2375"]
[PlyCount "46"]
[EventDate "1992.01.??"]
[Source "www.chesslib.no"]
[SourceDate "2004.05.04"]

1. e4 c5 2. Nf3 Nc6 3. d4 cxd4 4. Nxd4 d5 5. exd5 Qxd5 6. Be3 e6 7. Nc3 Bb4 8. Be2 Nge7 9. O-O Bxc3 10. bxc3 O-O 11. c4 Qd7 12. Rb1 Nxd4 13. Qxd4 Qc7 14. Rfd1 e5 15. Qc5 Nc6 16. Qb5 Rd8 17. Rd5 Be6 18. Rxd8+ Qxd8 19. Bf3 Nd4 20. Bxd4 Qxd4 21. Qxb7 Rd8 22. Bd5 Bxd5 23. cxd5 h6 1/2-1/2

[Event "ALBACETE Ch"]
[Site "?"]
[Date "2003.09.03"]
[Round "4"]
[White "Velicka Petr"]
[Black "Ivanov Jordan"]
[Result "1/2-1/2"]
[WhiteElo "2442"]
[BlackElo "2412"]
[PlyCount "28"]
[EventDate "2003.??.??"]
[Source "www.chesslib.no"]
[SourceDate "2004.05.04"]

1. e4 c5 2. Nf3 Nc6 3. d4 cxd4 4. Nxd4 d5 5. exd5 Qxd5 6. Be3 e6 7. Nc3 Bb4 8. Ndb5 Qe5 9. a3 Be7 10. Qd2 a6 11. f4 Qb8 12. Nd4 Bd7 13. Be2 Nf6 14. O-O Nxd4 1/2-1/2

[Event "ch-Arab m"]
[Site "Cairo"]
[Date "2003.12.27"]
[Round "8"]
[White "Tissir, Mohamed"]
[Black "Belkhodja, Slim"]
[Result "1-0"]
[WhiteElo "2405"]
[BlackElo "2439"]
[PlyCount "79"]
[EventDate "2003.12.20"]
[Source "Roberto Alvarez"]
[SourceDate "2003.12.31"]

1. e4 c5 2. Nf3 Nc6 3. d4 cxd4 4. Nxd4 d5 5. Bb5 dxe4 6. Nxc6 Qxd1+ 7. Kxd1 a6 8. Ba4 Bd7 9. Nc3 Bxc6 10. Bxc6+ bxc6 11. Nxe4 Nf6 12. Nxf6+ gxf6 13. Ke2 f5 14. Rd1 Rd8 15. Be3 Bg7 16. Rxd8+ Kxd8 17. Rd1+ Kc8 18. Bd4 Rg8 19. g3 f4 20. gxf4 Bxd4 21. Rxd4 f5 22. Rd3 Rg4 23. Rh3 Rxf4 24. Rxh7 Re4+ 25. Kf1 Kd7 26. h4 a5 27. h5 Rh4 28. h6 Ke6 29. Rh8 Ke5 30. h7 Kf4 31. Ke2 e5 32. a4 e4 33. b4 Rh2 34. bxa5 e3 35. Re8 Rxh7 36. fxe3+ Kg5 37. Rg8+ Kf6 38. Rc8 Ra7 39. Rxc6+ Ke5 40. a6 1-0

[Event "Hungary HUN"]
[Site "?"]
[Date "2005.11.13"]
[Round "3"]
[White "Tatar Kis Szabolcs"]
[Black "Szuk Balazs"]
[Result "1/2-1/2"]
[WhiteElo "2421"]
[BlackElo "2392"]
[PlyCount "110"]
[EventDate "2005.??.??"]
[Source "www.chesslib.no"]
[SourceDate "2004.05.04"]

1. e4 c5 2. Nf3 Nc6 3. d4 cxd4 4. Nxd4 d5 5. Bb5 dxe4 6. Nxc6 Qxd1+ 7. Kxd1 a6 8. Ba4 Bd7 9. Nc3 Bxc6 10. Bxc6+ bxc6 11. Nxe4 Nf6 12. Nxf6+ gxf6 13. Ke2 Rg8 14. g3 f5 15. Be3 Bg7 16. Rab1 Be5 17. Rhd1 Rg4 18. b3 h5 19. Rd3 Bd6 20. Rbd1 h4 21. Kf3 hxg3 22. hxg3 Re4 23. Rh1 Kd7 24. Bc5 Ke6 25. Bxd6 exd6 26. Rh6+ f6 27. Rh7 a5 28. Rc7 Ra6 29. a4 d5 30. Rd1 d4 31. Rh1 d3 32. cxd3 Rb4 33. Rhh7 Kd6 34. Rcd7+ Kc5 35. Rh5 Rxb3 36. Rxf5+ Kb4 37. Rd4+ Ka3 38. Rxf6 Rb4 39. Rdf4 Kxa4 40. g4 Rxf4+ 41. Kxf4 Kb3 42. g5 a4 43. g6 Ra8 44. Kg5 a3 45. Rxc6 a2 46. Rc1 a1=Q 47. Rxa1 Rxa1 48. f4 Rg1+ 49. Kf6 Kc3 50. f5 Kxd3 51. Kf7 Ke4 52. f6 Kf5 53. g7 Rg6 54. g8=Q Rxg8 55. Kxg8 Kxf6 1/2-1/2

[Event "HUN-chT 0102"]
[Site "?"]
[Date "2002.01.12"]
[Round "2"]
[White "Dembo Yelena"]
[Black "Szabolcsi Janos"]
[Result "1/2-1/2"]
[WhiteElo "2391"]
[BlackElo "2418"]
[PlyCount "93"]
[EventDate "2002.??.??"]
[Source "www.chesslib.no"]
[SourceDate "2004.05.04"]

1. e4 c5 2. Nf3 Nc6 3. d4 cxd4 4. Nxd4 d5 5. exd5 Qxd5 6. Be3 e6 7. Nb5 Qxd1+ 8. Kxd1 Kd7 9. Bc4 a6 10. N5c3 b5 11. Be2 Nf6 12. Bf3 Bb7 13. Ke2 Bd6 14. Nd2 Na5 15. Rhd1 Kc7 16. Nde4 Be5 17. Nxf6 Bxf3+ 18. Kxf3 gxf6 19. Bf4 Rhg8 20. g3 Nc6 21. Ne4 Bxf4 22. Kxf4 Rg6 23. Kf3 Ne5+ 24. Ke2 f5 25. Nc5 Kc6 26. Nd3 Nd7 27. a4 Rgg8 28. Ra3 Kc7 29. Rc3+ Kb7 30. Nb4 Nf6 31. axb5 axb5 32. Rc5 Ra5 33. Nc6 Kb6 34. b4 Ra4 35. Ne7 Rxb4 36. Nxg8 Nxg8 37. Rc8 Re4+ 38. Kd2 Nf6 39. Rb8+ Kc5 40. Rb1 b4 41. Rc8+ Kd6 42. c3 bxc3+ 43. Rxc3 Nd5 44. Ra3 Rd4+ 45. Ke2 Rc4 46. Rb2 Rc7 47. Rd2 1/2-1/2